| 000 | 01237cam a2200361 4500 | ||
|---|---|---|---|
| 008 | 000000n2000 000 0 eng u | ||
| 020 | _a1851124322 | ||
| 035 | _a(Sirsi) u109619 | ||
| 041 | _aeng | ||
| 110 |
_aUnited Kingdom _bDepartment of the Environment, Transport and the Regions _93507 |
||
| 245 | _aConstruction statistics annual: 2000 edition | ||
| 260 |
_aLondon _bDETR _c2000 |
||
| 300 |
_a263p. _c30cm. |
||
| 350 | _a45 | ||
| 520 | _aFirst edition of a publication which brings together construction industry statistics previously available in the annual "Digest of data for the construction industry" and "Housing and construction statistics". | ||
| 650 | _aBUILT ENVIRONMENT-BUILDING COSTS | ||
| 650 | _aCONSTRUCTION INDUSTRY | ||
| 650 | _aCONSTRUCTION STATISTICS | ||
| 650 | _aCOST INDICES | ||
| 650 | _aEMPLOYMENT | ||
| 650 | _aFLOORSPACE STATISTICS | ||
| 650 | _aGOVERNMENT CONSTRUCTION PROJECTS | ||
| 650 | _aHOUSING STATISTICS | ||
| 650 | _aKEY PERFORMANCE INDICATORS | ||
| 650 | _aLOCAL AUTHORITIES | ||
| 650 | _aNATIONAL LOTTERY | ||
| 650 | _aPLANNING APPLICATIONS | ||
| 650 | _aPRICE INDICES | ||
| 650 | _aPFI | ||
| 650 | _aSTATISTICS | ||
| 690 | _aBUILT ENVIRONMENT | ||
| 942 | _n0 | ||
| 999 |
_c100963 _d100963 |
||